Statistics for Emmy Rossum Filmography

Click here to take the quiz!

General Stats

  • This quiz has been taken 14 times
    (5 since last reset)
  • The average score is 3 of 41

Answer Stats

TypeYearName% Correct
Film2006Poseidon
67%
TV Show2011-2019Shameless
67%
Film2009Dragonball Evolution
33%
TV Film1999Genius
33%
TV Film2000The Audrey Hepburn Story
33%
Web Mini-Series2023The Crowded Room
33%
Film2004The Day After Tomorrow
33%
Film2004The Phantom of the Opera
33%
Film2018A Futile and Stupid Gesture
0%
Commercial2009AK Plaza
0%
Film2001An American Rhapsody
0%
Web Mini-Series2022Angelyne
0%
TV Show1997As the World Turns
0%
TV Mini-Series1998A Will of Their Own
0%
Film2013Beautiful Creatures
0%
Film2014Before I Disappear
0%
Film2019Cold Pursuit
0%
Film2014Comet
0%
Commercial2012Cotton
0%
Theater2009Daily Bread
0%
Film2009Dare
0%
TV Film1996Grace & Glorie
0%
Film2001Happy Now?
0%
TV Show2011Inside
0%
Film2000It Had to Be You
0%
TV Show1997Law & Order
0%
TV Show2019Mr. Robot
0%
Commercial2008Mt Ranier Cafe Latte
0%
Film2003Mystic River
0%
Film2003Nola
0%
TV Film1998Only Love
0%
Film2002Passionada
0%
Commercial2018RAINN
0%
Theater2006Romeo and Juliet
0%
TV Show2021Shameless Hall of Shame
0%
TV Show1999Snoops
0%
Film2000Songcatcher
0%
Short Film2018That's Harassment
0%
Theater2009The 24 Hour Plays 2009
0%
TV Show2001The Practice
0%
Film2014You're Not You
0%

Score Distribution

Percentile by Number Answered

Percent of People with Each Score

Your Score History

You have not taken this quiz since the last reset